Albums of the 70's - Statistics

General Stats
  • This quiz has been taken 195 times
    188 since last reset
  • The average score is 28 of 50
Answer Stats
Year Album Band/Musician % Correct
1979 The Wall Pink Floyd
96%
1979 Highway to Hell AC/DC
95%
1977 Rumours Fleetwood Mac
93%
1975 Born to Run Bruce Springsteen
89%
1973 Band on the Run Paul McCartney & Wings
89%
1979 London Calling The Clash
88%
1970 Paranoid Black Sabbath
87%
1975 A Night at the Opera Queen
86%
1975 Physical Graffiti Led Zeppelin
85%
1977 Bat Out of Hell Meat Loaf
82%
1972 Exile on Main St. The Rolling Stones
82%
1973 Quadrophenia The Who
79%
1975 Young Americans David Bowie
78%
1971 L.A. Woman The Doors
78%
1971 What's Going On Marvin Gaye
76%
1971 Aqualung Jethro Tull
74%
1979 The Long Run Eagles
67%
1971 Madman Across the Water Elton John
66%
1970 After The Gold Rush Neil Young
66%
1976 Fly Like an Eagle Steve Miller Band
64%
1977 The Stranger Billy Joel
60%
1971 Gypsys, Tramps & Thieves Cher
56%
1976 Night Moves Bob Seger
55%
1973 Killing Me Softly Roberta Flack
54%
1972 Machine Head Deep Purple
53%
1977 Rocket to Russia The Ramones
51%
1976 Jailbreak Thin Lizzy
50%
1972 Let's Stay Together Al Green
49%
1978 Double Vision Foreigner
48%
1978 The Last Waltz The Band
48%
1977 Lust for Life Iggy Pop
47%
1970 Abraxas Santana
45%
1978 Don't Look Back Boston
43%
1975 Love Will Keep Us Together Captain & Tennille
43%
1974 Crime of the Century Supertramp
42%
1970 Cosmo's Factory Creedence Clearwater Revival
41%
1978 Blondes Have More Fun Rod Stewart
41%
1976 Destroyer KISS
39%
1973 Billion Dollar Babies Alice Cooper
36%
1974 Sundown Gordon Lightfoot
34%
1970 American Beauty The Grateful Dead
30%
1974 Get Your Wings Aerosmith
27%
1976 Zoot Allures Frank Zappa
25%
1974 Not Fragile Bachman-Turner Overdrive
22%
1979 Flirtin' with Disaster Molly Hatchet
22%
1974 Second Helping Lynyrd Skynyrd
20%
1972 Toulouse Street The Doobie Brothers
16%
1978 Heaven Tonight Cheap Trick
14%
1973 Razamanaz Nazareth
14%
1972 They Only Come Out at Night Edgar Winter Group
8%
No matching quizzes found
Score Distribution
Percent of People with Each Score
Percentile by Number Answered
Your Score History
You have not taken this quiz since the last reset